Soccer Quiz. (All time) - Statistics

General Stats
  • This quiz has been taken 112 times
  • The average score is 4 of 6
Answer Stats
Question Answer % Correct
Which soccer club has the most UEFA Champions League final wins? Real Madrid
93%
Who has the most goals scored of all time? Cristiano Ronaldo
86%
Who was the most youngest player to ever win a world cup? Pele
86%
Who has the most yellow cards received? Sergio Ramos
81%
Who has the most goals scored in one EPL season? Erling Haaland
64%
Who has played the most matches for one club? Rogerio Ceni
19%
No matching quizzes found
Score Distribution
Percent of People with Each Score
Percentile by Number Answered
Your Score History
You have not taken this quiz